Missing Word: Eponymous Things Quiz Stats

 Plays Quiz Updated Mar 13, 2012

Support Sporcle.
Go Orange.
Score 0/20 Timer 02:00
1 Play Today
Eponym Missing Word % Correct
Rubik's ____Cube
99.6%
Morse ____Code
98.1%
Achilles' ____Heel
97.3%
Ferris _____Wheel
93.8%
Noah's ___Ark
93.1%
Murphy's ___Law
92%
Adam's _____Apple
91.3%
Halley's _____Comet
88.4%
Lou Gehrig's _______Disease
79.3%
St. Elmo's ____Fire
72.8%
Eponym Missing Word % Correct
Ponzi ______Scheme
72.2%
General Tso's _______Chicken
66.6%
Martha's ____Vineyard
59.9%
The Monroe ________Doctrine
56.3%
Down ____Syndrome
54%
Cobb _____Salad
49.1%
Hadrian's ____Wall
44.2%
The Marshall ____Plan
41.9%
Occam's _____Razor
36.6%
Zeno's _______Paradox
9.4%

Today's Daily Dose

You're not logged in!

Compare scores with friends on all Sporcle quizzes.
OR
Log In

From the Vault

One Per Category: 1990s Sports

by Hejman

Less drama than 2000s sports, so we're told.
Remove Ads.
Support Sporcle.
Get the best of Sporcle when you Go Orange. This ad-free experience offers more features, more stats, and more fun while also helping to support Sporcle. Thank you for becoming a member.

Show Comments

Extras

Top Quizzes Today


Score Distribution

Your Account Isn't Verified!

In order to create a playlist on Sporcle, you need to verify the email address you used during registration. Go to your Sporcle Settings to finish the process.

Report this User

Report this user for behavior that violates our Community Guidelines.

Details: